000 00702nam a2200217 4500
001 110303
003 ES-MaACL
005 20240514122718.0
007 t|
008 061121s1979 sp r ||||1| spa d
100 1 _aMolina, César Antonio.
_981883
245 1 0 _aUltimas horas en Lisca Blanca /
_cCésar Antonio Molina.
260 _aLeón :
_bInstitución `Fray Bernardino de Sahagún`,
_c1979.
300 _a60 p. ;
_c20 cm.
490 1 _aProvincia. Colección de poesía ;
_v46
710 2 _aInstitución "Fray Bernardino de Sahagún"
_94722
830 0 0 _aProvincia (León) ;
_v46
_9236377
852 _aES-MaACL
_jL-5619
_bR.106150
942 _2udc
999 _c110303
_d110303